Chicken soup for the soul at work (Record no. 13390)
[ view plain ]
| 000 -LEADER | |
|---|---|
| fixed length control field | 01687cim a2200397 a 4500 |
| 001 - CONTROL NUMBER | |
| control field | 5800890 |
| 005 - DATE AND TIME OF LATEST TRANSACTION | |
| control field | 20040105122343.0 |
| 007 - PHYSICAL DESCRIPTION FIXED FIELD--GENERAL INFORMATION | |
| fixed length control field | sd|fsngnnmmned |
| 008 - FIXED-LENGTH DATA ELEMENTS--GENERAL INFORMATION | |
| fixed length control field | 990629s1996 flunnn i eng d |
| 010 ## - LIBRARY OF CONGRESS CONTROL NUMBER | |
| LC control number | 99391212 |
| 020 ## - INTERNATIONAL STANDARD BOOK NUMBER | |
| International Standard Book Number | 9781558744240 |
| Terms of availability | 155874424x |
| 020 ## - INTERNATIONAL STANDARD BOOK NUMBER | |
| International Standard Book Number | 9781558744240 |
| 024 3# - | |
| -- | 9781558744431 |
| -- | 51195 |
| 028 02 - PUBLISHER NUMBER | |
| Publisher number | 9781558744431 |
| Source | Health Communications |
| 035 ## - SYSTEM CONTROL NUMBER | |
| System control number | (OCoLC)36870171 |
| 040 ## - CATALOGING SOURCE | |
| Original cataloging agency | EYH |
| Transcribing agency | EYH |
| Modifying agency | DLC |
| 050 00 - LIBRARY OF CONGRESS CALL NUMBER | |
| Classification number | SDA 84698 |
| 082 ## - DEWEY DECIMAL CLASSIFICATION NUMBER | |
| Edition number | 21 |
| Classification number | 158.12 |
| Item number | CAN |
| 100 ## - MAIN ENTRY--PERSONAL NAME | |
| Personal name | Canfield, Jack. |
| 9 (RLIN) | 11383 |
| 130 0# - MAIN ENTRY--UNIFORM TITLE | |
| Uniform title | Chicken soup for the soul at work. |
| Form subheading | Selections. |
| 9 (RLIN) | 11384 |
| 245 10 - TITLE STATEMENT | |
| Title | Chicken soup for the soul at work |
| Remainder of title | stories of courage, compassion & creativity in the workplace : storytelling at its best / |
| Statement of responsibility, etc | by Jack Canfield ... [et al.]. |
| 260 ## - PUBLICATION, DISTRIBUTION, ETC. (IMPRINT) | |
| Place of publication, distribution, etc | United States : |
| Name of publisher, distributor, etc | Health Communications, |
| Date of publication, distribution, etc | c.1996. |
| 300 ## - PHYSICAL DESCRIPTION | |
| Extent | 330p : |
| Other physical details | ill; |
| Dimensions | 21 cm. |
| 500 ## - GENERAL NOTE | |
| General note | Compact disc. |
| 520 ## - SUMMARY, ETC. | |
| Summary, etc | Presents excerpts from the collection of inspirational stories for employees seeking self-identity, independence, values, and spiritual grounding in the workplace. |
| 650 #0 - SUBJECT ADDED ENTRY--TOPICAL TERM | |
| Topical term or geographic name as entry element | Work |
| General subdivision | Moral and ethical aspects. |
| 9 (RLIN) | 11385 |
| 650 #0 - SUBJECT ADDED ENTRY--TOPICAL TERM | |
| Topical term or geographic name as entry element | Interpersonal relations |
| General subdivision | Moral and ethical aspects. |
| 9 (RLIN) | 11386 |
| 650 #0 - SUBJECT ADDED ENTRY--TOPICAL TERM | |
| Topical term or geographic name as entry element | Employees |
| General subdivision | Conduct of life. |
| 9 (RLIN) | 11387 |
| 650 #0 - SUBJECT ADDED ENTRY--TOPICAL TERM | |
| Topical term or geographic name as entry element | Spiritual life. |
| 9 (RLIN) | 11388 |
| 650 #0 - SUBJECT ADDED ENTRY--TOPICAL TERM | |
| Topical term or geographic name as entry element | Inspiration |
| General subdivision | Anecdotes. |
| 9 (RLIN) | 11389 |
| 700 1# - ADDED ENTRY--PERSONAL NAME | |
| Personal name | Canfield, Jack, |
| Dates associated with a name | 1944- |
| 9 (RLIN) | 11390 |
| 942 ## - ADDED ENTRY ELEMENTS (KOHA) | |
| Source of classification or shelving scheme | Dewey Decimal Classification |
| Item type | Book - Borrowing |
| Withdrawn status | Item status | Source of classification or shelving scheme | Damaged status | Not for loan | Vendor | Home library | Current library | Shelving location | Date acquired | Source of acquisition | Cost, normal purchase price | Serial Enumeration / chronology | Total Checkouts | Total Renewals | Full call number | Barcode | Date last seen | Date last borrowed | Koha item type |
|---|---|---|---|---|---|---|---|---|---|---|---|---|---|---|---|---|---|---|---|
| Dewey Decimal Classification | Central Library | Central Library | Lower Floor | 14/02/2010 | 105.00 | 1 | 4 | 68 | 158.12 CAN | 000019654 | 15/07/2025 | 06/09/2022 | Book - Borrowing |